Advanced Engineering Mathematics /

Guardado en:
Detalles Bibliográficos
Autor principal: O'Neil, Peter V (Autor)
Formato: Libro
Lenguaje:inglés
Publicado: Belmont : Wadsworth Publishing Co, 1991
Edición:3.vyd.
Etiquetas: Agregar Etiqueta
Sin Etiquetas, Sea el primero en etiquetar este registro!

MARC

LEADER 00000nam a22000003a 4500
001 stu21039
005 20150617225749.8
008 930204s1991----xxu-----------------eng-d
020 |a 0-534-98318-9 
040 |a STU  |b slo 
041 0 |a eng 
044 |a xxu 
080 |a 51  |7 stu_us_auth*stu8333 
100 1 |a O'Neil, Peter V  |4 aut 
245 1 |a Advanced Engineering Mathematics /  |c [aut.]O'Neil,Peter V 
250 |a 3.vyd. 
260 |a Belmont :  |b Wadsworth Publishing Co,  |c 1991 
300 |a 1460 s :  |b Tab.,grafy,index 
996 |b C91019  |c C*91019  |l CCI  |s A  |a 24  |w stu21039_0001